Let God be God (Record no. 13439)

MARC details
000 -LEADER
campo de control de longitud fija 00507ntaaa2200193 4500
003 - IDENTIFICADOR DE NÚMERO DE CONTROL
campo de control 01
005 - FECHA Y HORA DE LA ÚLTIMA TRANSACCIÓN
campo de control 20251027201857.0
008 - DATOS DE LONGITUD FIJA--INFORMACIÓN GENERAL
campo de control de longitud fija 0714s1973 ag 01
040 ## - FUENTE DE CATALOGACIÓN
Centro catalogador/agencia de origen AR-BaBN
Lengua de catalogación spa
Centro/agencia transcriptor AR-BaBN
Normas de descripción aacr
Centro/agencia modificador RIC
082 ## - NÚMERO DE LA CLASIFICACIÓN DECIMAL DEWEY
Número de clasificación 230.1000 W33
100 ## - ENTRADA PRINCIPAL--NOMBRE DE PERSONA
Nombre de persona Watson, Philips
9 (RLIN) 17235
245 ## - MENCIÓN DEL TÍTULO
Título Let God be God
250 ## - MENCION DE EDICION
Mención de edición 1 ed. :
Resto de la mención de edición Epworth Press,
-- c1947
300 ## - DESCRIPCIÓN FÍSICA
Extensión 203 p.
500 ## - NOTA GENERAL
Nota general "An interpretation of the theology of Martin Luther"
650 ## - PUNTO DE ACCESO ADICIONAL DE MATERIA--TÉRMINO DE MATERIA
Término de materia o nombre geográfico como elemento de entrada Lutero
650 ## - PUNTO DE ACCESO ADICIONAL DE MATERIA--TÉRMINO DE MATERIA
Término de materia o nombre geográfico como elemento de entrada Teología Histórica
9 (RLIN) 2083
942 ## - ELEMENTOS DE ENTRADA SECUNDARIOS (KOHA)
Tipo de ítem Koha Colección General
Holdings
Estatus retirado Estado de pérdida Estado de daño No para préstamo Biblioteca de origen Biblioteca actual Fecha de adquisición Número de inventario Total de préstamos Signatura topográfica completa Código de barras Visto por última vez Precio de reemplazo Tipo de ítem Koha
        Biblioteca Pluis Biblioteca Pluis 27/10/2025 06974   230.1000 W33 06974 27/10/2025 27/10/2025 Colección General